Biblioteca

Secuestro y reconciliación (Registro nro. 71203)

Detalles MARC
000 -LÍDER
Campo fijo de descripción fija 02052nam a2200397 i 4500
001 - NÚMERO DE CONTROL
Campo de control 768714001
003 - IDENTIFICADOR DEL NÚMERO DE CONTROL
Campo de control CO-MdFUSB
005 - FECHA Y HORA DE LA ULTIMA TRANSACCIÓN
control field 20260420150415.0
007 - CAMPO FIJO DE DESCRIPCIÓN FIJA--INFORMACIÓN GENERAL
Campo fijo de descripción fija ta
008 - ELEMENTOS DE LONGITUD FIJA -- INFORMACIÓN GENERAL
Campo fijo de descripción fija -- Información general 241117t19842006ck bo||| |||| 001 0 spa d
020 ## - NÚMERO INTERNACIONAL NORMALIZADO PARA LIBROS
Número Internacional Normalizado del libro 958951670X
040 ## - FUENTE DE CATALOGACIÓN
Idioma de catalogación spa.
Agencia de catalogación original CO-MdFUSB
Agencia que realiza la transcripción CO-MdFUSB
Agencia que realiza la modificación CO-MdFUSBC
Convenciones de la descripción rda
041 ## - CÓDIGO DE IDIOMA
Código de idioma para texto/pista de sonido o título separado spa
Código de idioma original eng
082 ## - NÚMERO DE CLASIFICACIÓN DECIMAL DEWEY
Número de la edición del Dewey 23
Número de clasificación 266.0092
Clave de autor-Numero de item ST825
100 ## - ASIENTO PRINCIPAL--NOMBRE PERSONAL
Nombre personal Stendal, Russell,
Término relacionador autor
240 ## - TITULO UNIFORME
Título uniforme <a href="Rescue the captors.">Rescue the captors.</a>
245 ## - TÍTULO
Título del Material Secuestro y reconciliación
Mención de responsabilidad, etc. / Russell Stendal ; traducido por Ramón Antonio Trillos Páez
250 ## - MENCIÓN DE EDICIÓN
Mención de edición Sexta edición
264 #1 - PRODUCCIÓN, PUBLICACIÓN, DISTRIBUCIÓN, MANUFACTURA, Y COPYRIGHT
Lugar de producción, publicación, distribución, manufactura Colombia :
Nombre del productor, publicador, distribuidor Ransom Press,
Fecha de producción, publicación, distribución, manufactura, o copyright [2006]
264 #4 - PRODUCCIÓN, PUBLICACIÓN, DISTRIBUCIÓN, MANUFACTURA, Y COPYRIGHT
Fecha de producción, publicación, distribución, manufactura, o copyright ©1984
300 ## - DESCRIPCIÓN FÍSICA
Extensión 185 páginas
Otros detalles físicos : mapas, fotografías blanco y negro
Dimensiones ; 21 cm
336 ## - TIPO DE CONTENIDO
Fuente rdacontent
Término de tipo de contenido texto
Código de tipo de contenido txt
337 ## - TIPO DE MEDIO
Fuente rdamedia
Nombre del tipo de medio sin mediación
Código del tipo de medio n
338 ## - TIPO DE SOPORTE
Fuente rdacarrier
Nombre del tipo de soporte volumen
Código Tipo de soporte nc
500 ## - NOTA GENERAL
Nota General Incluye índice, mapas, fotografías blanco y negro
505 ## - NOTA DE CONTENIDO
Nota de contenido con formato preestablecido ¿Martín, por qué se demoró tanto? -- “…Que haya flores rojas en mi mata, cuando volvamos de la iglesia” -- ¡Empecé a orar para que Manuel no muriera! -- “Dios me ha devuelto la vida” -- Ahora tenía la oportunidad de escribir el libro a punta de ametralladora -- ¡Está bien, no hay nada entre nosotros! -- ¿Acaso estaba yo tratando de inventar una nueva técnica de sacrificar pollos? -- ¡Triunfé! Ese dulce rojo tenía veneno; ustedes morirán en cinco minutos… ahora -- De repente, me encontré con ella entre mis brazos y empecé a decirle que la amaba -- Temía que cualquier día una de nuestras peleas fuera demasiado lejos y perdiera a Marina -- Comenzaron a cantar todos ellos, dándome una serenata con vallenatos.
563 ## - NOTA DE ENCUADERNACIÓN
Nota de encuadernación Rústico
650 #0 - ASIENTO SECUNDARIO DE MATERIA - TERMINO TEMÁTICO
Término temático o nombre geográfico como elemento de entrada Biografías cristianas
9 (RLIN) 1238
653 ## - TÉRMINO DE INDIZACIÓN - NO CONTROLADO
Término no controlado Cristianos — Biografías
653 ## - TÉRMINO DE INDIZACIÓN - NO CONTROLADO
Término no controlado Misioneros — Biografías
653 ## - TÉRMINO DE INDIZACIÓN - NO CONTROLADO
Término no controlado Secuestro — Aspectos religiosos— Cristianismo
653 ## - TÉRMINO DE INDIZACIÓN - NO CONTROLADO
Término no controlado Testimonios cristianos
700 ## - ASIENTO SECUNDARIO - NOMBRE PERSONAL
Nombre personal Trillos Páez, Ramón,
9 (RLIN) 8494
Responsabilidad traductor
942 ## - TIPO DE MATERIAL (KOHA)
Tipo de Item KOHA Libros General
945 ## - INFORMACIÓN LOCAL DEL REGISTRO
Catalogador Catherine Arias Alvarez
Existencias
Estado de Material Estado de Perdido Forma de Clasificación Volumen-Parte/Tomo Estado de Dañado No para Préstamo Colección Tomo Biblioteca de Origen Biblioteca Permanente Fecha de Adquisición Total de Préstamos Signatura Topográfica Código de Barras Última vez visto Ejemplar/Existencia Fecha de Remplazo Tipo de Material
    Dewey Decimal Classification       Colección General   Biblioteca FUSBC Biblioteca FUSBC 14/11/2024   G 266.0092 ST825s 25286 17/11/2024 Ej. 1 17/11/2024 Libros General

Biblioteca FUSBC | Teléfono: (57+4) 349 88 10 Ext. 141| WhatsApp (+57) 3005338115 
E-mail: biblioteca@unisbc.edu.co | Calle 76 87-14 Robledo Palenque, Medellín, Colombia

Con tecnología Koha